Encyclopedia of American biography

Featuring more than 80 new entries and hundreds of revisions, this second edition of a classic resource is the most in-depth and analytical of its kind. Comprehensive in scope and meticulous in detail, The Encyclopedia of American Biography examines more than 1,000 Americans who have contributed to...

תיאור מלא

שמור ב:
מידע ביבליוגרפי
פורמט: ספר
שפה:Undetermined
יצא לאור: New York HarperCollins 1996
נושאים:
תגים: הוספת תג
אין תגיות, היה/י הראשונ/ה לתייג את הרשומה!
Thư viện lưu trữ: Trung tâm Học liệu Trường Đại học Cần Thơ
LEADER 00946nam a2200193Ia 4500
001 CTU_226034
008 210402s9999 xx 000 0 und d
082 |a 920.073 
082 |b E56 
245 0 |a Encyclopedia of American biography 
245 0 |c John A. Garraty, Jerome L. Sternstein (editor) 
260 |a New York 
260 |b HarperCollins 
260 |c 1996 
520 |a Featuring more than 80 new entries and hundreds of revisions, this second edition of a classic resource is the most in-depth and analytical of its kind. Comprehensive in scope and meticulous in detail, The Encyclopedia of American Biography examines more than 1,000 Americans who have contributed to the historical and cultural richness of the American scene, from the earliest explorers to those making headlines today. 
650 |a Hoa Kỳ 
650 |x Tiểu sử 
650 |y Từ điển 
980 |a Trung tâm Học liệu Trường Đại học Cần Thơ